000 00743nam a22002417a 4500
999 _c7525
_d7525
003 AR-CdUCM
008 190320b ||||| |||| 00| 0 spa d
020 _a950-695-040-7
040 _aMUNICIPALIDAD PROVINCIAL DEL CUSCO
_cBIBLIOTECA MUNICIPAL DEL CUSCO
041 _heng
082 _a321.4 /
_bS23
100 _aSartori, Giovanni,
_99584
245 _aTeoría de la democracia /
260 _aBuenos Aires :
_bRei,
_c1990.
300 _a2 t. ;
_c20 cm.
505 _aContenido : t.1: El debate contemporáneo -- t.2: Los problemas clásicos
650 _aDerecho
_9739
650 _aDemocracia
_91352
650 _aCiencias Sociales
_91096
700 _aSantiago Sánchez González
_921241
942 _2ddc
_cLIBROS
945 _admma